Detalles MARC
| 000 -LEADER |
| fixed length control field |
00958nam a2200325 4500 |
| 001 - CONTROL NUMBER |
| control field |
443183 |
| 003 - CONTROL NUMBER IDENTIFIER |
| control field |
DO-SdBNP |
| 005 - DATE AND TIME OF LATEST TRANSACTION |
| control field |
20180220143641.0 |
| 007 - PHYSICAL DESCRIPTION FIXED FIELD--GENERAL INFORMATION |
| fixed length control field |
443183 |
| 008 - FIXED-LENGTH DATA ELEMENTS--GENERAL INFORMATION |
| fixed length control field |
950606s1992 sp | ||| ||spa |
| 016 7# - NATIONAL BIBLIOGRAPHIC AGENCY CONTROL NUMBER |
| Record control number |
|
| Source |
|
| 017 ## - COPYRIGHT OR LEGAL DEPOSIT NUMBER |
| Copyright or legal deposit number |
|
| Assigning agency |
|
| 020 ## - INTERNATIONAL STANDARD BOOK NUMBER |
| International Standard Book Number |
8434819295 |
| 035 ## - SYSTEM CONTROL NUMBER |
| System control number |
|
| 040 ## - CATALOGING SOURCE |
| Original cataloging agency |
BPMSU |
| Language of cataloging |
spa |
| Transcribing agency |
BPMSU |
| Description conventions |
|
| 041 1# - LANGUAGE CODE |
| Language code of text/sound track or separate title |
spa |
| Language code of original |
|
| 080 #0 - UNIVERSAL DECIMAL CLASSIFICATION NUMBER |
| Universal Decimal Classification number |
|
| 100 1# - MAIN ENTRY--PERSONAL NAME |
| Personal name |
Company, Mercè |
| Dates associated with a name |
1947- |
| 240 13 - UNIFORM TITLE |
| Uniform title |
<a href="La història de l'Ernest">La història de l'Ernest</a> |
| Language of a work |
Español |
| 245 13 - TITLE STATEMENT |
| Title |
La historia de Ernesto / |
| Statement of responsibility, etc. |
Mercè Company ; ilustraciones de J.M. Lavarello ; [traducción del catalán, Mercè Company] |
| Medium |
|
| 250 ## - EDITION STATEMENT |
| Edition statement |
8ª ed |
| 260 ## - PUBLICATION, DISTRIBUTION, ETC. (IMPRINT) |
| Place of publication, distribution, etc. |
Madrid : |
| Name of publisher, distributor, etc. |
SM, |
| Date of publication, distribution, etc. |
1992. |
| 300 ## - PHYSICAL DESCRIPTION |
| Extent |
63 p. : |
| Other physical details |
il. ; |
| Dimensions |
20 cm. |
| 490 1# - SERIES STATEMENT |
| Series statement |
El barco de vapor. [Serie blanca] |
| Volume/sequential designation |
13 |
| 700 12 - ADDED ENTRY--PERSONAL NAME |
| Personal name |
Lavarello, José María, |
| Relator term |
il. |
| 830 #0 - SERIES ADDED ENTRY--UNIFORM TITLE |
| Uniform title |
El barco de vapor. |
| Name of part/section of a work |
Serie blanca |
| Volume number/sequential designation |
105 |
| 942 ## - ADDED ENTRY ELEMENTS (KOHA) |
| Source of classification or shelving scheme |
Dewey Decimal Classification |
| Koha item type |
Libros |
| 945 ## - LOCAL PROCESSING INFORMATION (OCLC) |
| a |
Inventariado, 2018 /LP |
| 956 ## - LOCAL ELECTRONIC LOCATION AND ACCESS (OCLC) |
| Host name |
VMATEO |
| Access number |
10 |
| Linkage |
BPMSU |
| Materials specified |
20151124 |
| Field link and sequence number |
00151 |